00450nam a2200157 a 45000010005000000030009000050080041000140200015000550400028000700820017000981000029001152450065001442600036002093000020002456500027002658669CO-ViMGA141112s2004 ck r 000 u spa d a9589023568 aCO-ViMGAbspacCO-ViMGA04aR574.5 P51d21 aPlata Rodriguez, Eduardo10aDiccionario Ecologico Ilustrado / cPlata Rodriguez Eduardo  aBogotá, cEd. el Buho, c1991 a205p, il, 17 cm14aEcologia - diccionario